Technology by Letter: Q - Statistics

General Stats
  • This quiz has been taken 21 times
  • The average score is 5 of 9
Answer Stats
Hint Answer % Correct
Feather used for writing Quill
89%
Motorcycle with four wheels Quad bike
84%
Type of blanket Quilt
84%
Document with blanks for your answers Questionnaire / Quiz
79%
Malaria medication Quinine
47%
Flying device with four rotors Quadcopter
26%
Part of a URL after the ? Query string
26%
Media player by Apple Inc. QuickTime
21%
Physics novelty from the early 20th century Quantum theory
5%
No matching quizzes found
Score Distribution
Percent of People with Each Score
Percentile by Number Answered
Your Score History
You have not taken this quiz